00988nam a2200253Ia 4500003000400000005001700004008004100021020001500062040001800077041000800095082002000103100003800123245010800161250001500269260005100284300002300335650005700358650004500415700003400460700002800494942003000522999001900552952016300571OSt20220120153902.0210716s2007 xx 000 0 und d a8131301591 cAIMIT LIBRARY aeng a332.1221bSHRM aShrivastava, Mohan Prasad.913964 aBanking reforms and globalisation:cby Mohan Prasad Shrivastava, Pradeep Kumar Pandey and V.P Vidyarthi a1st. ed. - aNew Delhi:bAPH Publishing Corporation,c2007. axviii,414p. ;23cm. aCorporate Governance and Public Sector Banks.913965 aRisk management in Indian Banking913966 aPandey, Pradeep Kumar.913967 aVidyarthi, V. P.913968 2ddccBKe1stk332.12 SHRM c201845d201845 00102ddc40708MBAaAIMITbAIMITd2007-08-21g995.00iBill no:394; Bill dt:2007-08-21l0o332.12 SHRMpMBA04411r2025-07-21 00:00:00v796.00w2021-07-16yBK